Country report, gender equality How are EU rules transposed into national law? Albania 2020 /

Detalles Bibliográficos
Autor principal: Baci, Entela
Formato: eBook
Lenguaje:inglés
Publicado: Bruselas: European Union Publications Office, 2020
Materias:
Acceso en línea:Acceso restringido

MARC

LEADER 00000nam a22000007a 4500
005 20210907114830.0
007 cr|||| ||||
008 210907s2020 eu |||||s|||| 00||0 eng d
020 |a 978-92-76-18960-2 
035 |a 34204 
040 |a vLex 
090 |c 12290  |d 12290 
100 1 |a Baci, Entela 
245 1 0 |a Country report, gender equality  |h [Recurso electrn̤ico] :  |b How are EU rules transposed into national law? Albania 2020 /  |c Entela Baci 
256 |a Servicio en ln̕ea 
260 |a Bruselas:  |b European Union Publications Office,  |c 2020 
300 |a 1 recurso electrn̤ico 
500 |a The Republic of Albania (RoA) has a formal constitution, which has the highest legal power in the country. The Constitution was adopted in 1998 with Law No. 8417, ‘Constitution of the Republic of Albania’. So far, it has been revised five times. None of the five constitutional reforms concerned gender equality. The hierarchy of legal acts within the country is explicitly set out in Article 116(1) of the Albanian Constitution: a) the Constitution; b) ratified international agreements; c) laws; d) normative acts of the Council of Ministers. The constitutional framework concerning gender equality/sex discrimination contains only one provision among the general principles of fundamental human rights and freedoms, Article 18, which refers to principle of equality and non-discrimination: ‘1. All are equal before the law. 2. No one can be unjustly discriminated against for reasons such as gender, race, religion, ethnicity, language, political, religious or philosophical beliefs, economic condition, education, social status, or ancestry. 3. No one may be discriminated against for reasons mentioned in Paragraph 2 if reasonable and objective legal grounds do not exist.’ 
506 1 |a Disponible solo en los productos indicados  |d vLex Global  |d vLex Global (Academic Edition, excluding Law Schools)  |d vLex Global (U.S. Academic Edition, Law Schools)  |d vLex Global (U.S. Academic Edition, excluding Law Schools)  |d vLex Global (Academic Edition, Law Schools) 
650 0 4 |a Derecho Constitucional  |z Unin̤ Europea 
650 0 4 |a Derecho Comunitario  |z Unin̤ Europea 
740 0 |a vLex Libros (Servicio en ln̕ea) 
856 4 0 |u https://app.vlex.com/#/sources/34204  |z Acceso restringido 
942 |c BOOK 
999 0 |a Constitutional Law 
999 0 |a Community Law